000 00420nam a2200181Ia 4500
001 13441
005 20260306164801.0
008 260306t2007||||xx |||||||||||||| ||spa||
041 _aESP
082 _a004.16
_bG14
100 _aGalina,Isabel
_eAUT
245 0 _aIntroducción a la edición digital
260 _c2007
300 _a128páginas :
_c
650 _aGEN
654 _aCCC
942 _cLIB
_dJUS
_fJUS
_2ddc
_n
999 _c13441
_d13441